000 00565nam a2200193Ia 4500
005 20250508163055.0
008 008 250505s9999 xx 000 0 eng d
037 _aTheses
040 _aFEDL
_beng
_cFEDL
041 _aeng
_2eng
084 _a153.35, KUN/TH
_qFEDL
100 _aKundu Dibakar
_9772975
245 0 _aStudy of creativity, ego-strength and extraversion - an empirical investigation
260 _c1984
300 _a223p.
546 _aPH.D Thesis (Delhi University)
942 _cTH
_h153.35, KUN/TH
999 _c1380667
_d1380667